名前に「玉」がつく駅 - Statistics

General Stats
  • This quiz has been taken 28 times
  • The average score is 16 of 29
Answer Stats
Hint Answer % Correct
玉名市 玉名
96%
洋野町 玉川
91%
大阪市 玉川
91%
玉名市 新玉名
91%
本庄市 児玉
78%
立川市 玉川上水
78%
町田市 玉川学園前
78%
世田谷区 二子玉川
74%
大阪市 玉出
70%
大阪市 玉造
65%
一宮市 玉野
61%
大阪市 岸里玉出
61%
松江市 玉造温泉
57%
常総市 玉村
52%
常陸大宮市 玉川村
52%
寄居町 玉淀
52%
一宮市 玉ノ井
52%
御所市 玉手
52%
野田村 野田玉川
43%
大阪市 東玉出
43%
鈴鹿市 玉垣
39%
井手町 玉水
39%
萩市 玉江
39%
西条市 玉之江
39%
筑西市 玉戸
35%
甲賀市 玉桂寺前
30%
下関市 湯玉
22%
岡山市 玉柏
13%
竹田市 玉来
13%
No matching quizzes found
Score Distribution
Percent of People with Each Score
Percentile by Number Answered
Your Score History
You have not taken this quiz